Language Quiz

Random Language Quiz

M-Wa Nouns Quiz Stats

 Plays Quiz not verified by Sporcle

Score 0/22 Timer 20:00
0 Plays Today
English Swahili % Correct
TeacherMwalimu
86.9%
ChildrenWatoto
82%
StudentsWanafunzi
80.3%
Elder/Older PersonMzee
78.7%
PersonMtu
77%
WifeMke
75.4%
HusbandMume
65.6%
GirlMsichana
65.5%
AnimalMnyama
64.4%
ThiefMwizi
56.9%
WomanMwanamke
56.9%
English Swahili % Correct
Sick people, patientsWagonjwa
55.2%
ParentMzazi
52.5%
ManMwanamume
46.6%
CustomerMteja
32.8%
Grandchildmjukuu
31.1%
AssistantMsaidizi
31%
DirectorMkurugenzi
27.6%
Researcher, inquisitive personMtafiti
25.9%
Wildlife, wild animalsWanyamapori
24.1%
NurseMwuguzi
19%
BoyMyulana
19%

You're not logged in!

Compare scores with friends on all Sporcle quizzes.
OR
Log In

Sporcle TV

Today on Sporcle TV


Watch our educational content, quiz creation guides, and fun videos on Sporcle TV.

Show Comments

Extras

Created Jan 7, 2015ReportNominate
Tags:English, noun, swahili

Top Quizzes Today


Score Distribution

Your Account Isn't Verified!

In order to create a playlist on Sporcle, you need to verify the email address you used during registration. Go to your Sporcle Settings to finish the process.

Report this User

Report this user for behavior that violates our Community Guidelines.

Details: